| 000 | 00625nam a2200169 a 4500 | ||
|---|---|---|---|
| 001 | 1214 | ||
| 003 | CDMR | ||
| 005 | 20131107173619.0 | ||
| 008 | 130130s1979||||||||||||||||||||||||||||d | ||
| 040 |
_aCDMR _bcat _cCDMR |
||
| 110 | 2 |
_aFederación de Asociaciones de la Prensa de España _9949 |
|
| 245 | 1 | 0 |
_aEstatutos de la Federación de Asociaciones de la Prensa de España _b: aprobados en Asamblea Extraordinaria y Constituyente celebrada en Barcelona el día 18 de octubre de 1978 |
| 260 |
_aMadrid _c1979 _bFAPE |
||
| 300 | _a35 p. | ||
| 610 | 2 |
_9949 _aFederación de Asociaciones de la Prensa de España |
|
| 942 |
_cFULLET _2udc |
||
| 999 |
_c1214 _d1214 |
||